<?xml version="1.0" encoding="UTF-8"?>
<record
    xmlns:xsi="http://www.w3.org/2001/XMLSchema-instance"
    xsi:schemaLocation="http://www.loc.gov/MARC21/slim http://www.loc.gov/standards/marcxml/schema/MARC21slim.xsd"
    xmlns="http://www.loc.gov/MARC21/slim">

  <leader>00959nam a22002417a 4500</leader>
  <controlfield tag="005">20130509142838.0</controlfield>
  <datafield tag="010" ind1=" " ind2=" ">
    <subfield code="a">B-500409-412,   B-522538-541</subfield>
  </datafield>
  <datafield tag="020" ind1=" " ind2=" ">
    <subfield code="a">9781857436679 (v.1)</subfield>
  </datafield>
  <datafield tag="020" ind1=" " ind2=" ">
    <subfield code="a">9781857436686 (v.2)</subfield>
  </datafield>
  <datafield tag="020" ind1=" " ind2=" ">
    <subfield code="a">9781857436549 (set)</subfield>
    <subfield code="c">PD 650.00  Rs. 53131.00</subfield>
  </datafield>
  <datafield tag="035" ind1=" " ind2=" ">
    <subfield code="a">B-475602-603</subfield>
  </datafield>
  <datafield tag="037" ind1=" " ind2=" ">
    <subfield code="a">dpl</subfield>
    <subfield code="b">KKP/Ven</subfield>
  </datafield>
  <datafield tag="082" ind1=" " ind2=" ">
    <subfield code="a">060</subfield>
  </datafield>
  <datafield tag="245" ind1=" " ind2=" ">
    <subfield code="a">The Europa world of learning 2013/</subfield>
  </datafield>
  <datafield tag="246" ind1=" " ind2=" ">
    <subfield code="a">The Europa world of learning 2013</subfield>
  </datafield>
  <datafield tag="250" ind1=" " ind2=" ">
    <subfield code="a">63rd ed.</subfield>
  </datafield>
  <datafield tag="260" ind1=" " ind2=" ">
    <subfield code="a">London</subfield>
    <subfield code="b">Routledge</subfield>
    <subfield code="c">2012</subfield>
  </datafield>
  <datafield tag="300" ind1=" " ind2=" ">
    <subfield code="a">2v. (xiii, 1516p.; xi, 1517-3198p.)</subfield>
    <subfield code="c">28 cm. (Hb)</subfield>
  </datafield>
  <datafield tag="500" ind1=" " ind2=" ">
    <subfield code="a">It includes index</subfield>
  </datafield>
  <datafield tag="505" ind1=" " ind2=" ">
    <subfield code="a">v.1-- International organizations; Countries : Afghanistan - Myanmar. v.2-- Countries : Nambia - Zimbabwe.</subfield>
  </datafield>
  <datafield tag="942" ind1=" " ind2=" ">
    <subfield code="2">ddc</subfield>
    <subfield code="c">EN</subfield>
    <subfield code="h">060EUR</subfield>
  </datafield>
  <datafield tag="999" ind1=" " ind2=" ">
    <subfield code="c">75343</subfield>
    <subfield code="d">75343</subfield>
  </datafield>
  <datafield tag="952" ind1=" " ind2=" ">
    <subfield code="0">0</subfield>
    <subfield code="1">0</subfield>
    <subfield code="3">V-1</subfield>
    <subfield code="4">0</subfield>
    <subfield code="7">1</subfield>
    <subfield code="8">REF</subfield>
    <subfield code="a">L</subfield>
    <subfield code="b">L</subfield>
    <subfield code="d">2013-05-09</subfield>
    <subfield code="e">KKP/BL2979/11.3.13/158/21.2.13/19.3.13</subfield>
    <subfield code="g">53131.00</subfield>
    <subfield code="l">0</subfield>
    <subfield code="o">060EUR</subfield>
    <subfield code="p">B-500409</subfield>
    <subfield code="r">2013-05-09 00:00:00</subfield>
    <subfield code="t">1</subfield>
    <subfield code="v">53131.00</subfield>
    <subfield code="y">EN</subfield>
  </datafield>
  <datafield tag="952" ind1=" " ind2=" ">
    <subfield code="0">0</subfield>
    <subfield code="1">0</subfield>
    <subfield code="3">V-2</subfield>
    <subfield code="4">0</subfield>
    <subfield code="7">1</subfield>
    <subfield code="8">REF</subfield>
    <subfield code="a">L</subfield>
    <subfield code="b">L</subfield>
    <subfield code="d">2013-05-09</subfield>
    <subfield code="e">KKP/BL2979/11.3.13/158/21.2.13/19.3.13</subfield>
    <subfield code="g">53131.00</subfield>
    <subfield code="l">0</subfield>
    <subfield code="o">060EUR</subfield>
    <subfield code="p">B-500410</subfield>
    <subfield code="r">2013-05-09 00:00:00</subfield>
    <subfield code="t">1</subfield>
    <subfield code="v">53131.00</subfield>
    <subfield code="y">EN</subfield>
  </datafield>
  <datafield tag="952" ind1=" " ind2=" ">
    <subfield code="0">0</subfield>
    <subfield code="1">0</subfield>
    <subfield code="3">V-1</subfield>
    <subfield code="4">0</subfield>
    <subfield code="7">1</subfield>
    <subfield code="8">REF</subfield>
    <subfield code="a">BL1</subfield>
    <subfield code="b">BL1</subfield>
    <subfield code="d">2013-05-09</subfield>
    <subfield code="e">KKP/BL2979/11.3.13/158/21.2.13/19.3.13</subfield>
    <subfield code="g">53131.00</subfield>
    <subfield code="l">0</subfield>
    <subfield code="o">060EUR</subfield>
    <subfield code="p">B-500411</subfield>
    <subfield code="r">2013-05-09 00:00:00</subfield>
    <subfield code="t">1</subfield>
    <subfield code="v">53131.00</subfield>
    <subfield code="y">EN</subfield>
  </datafield>
  <datafield tag="952" ind1=" " ind2=" ">
    <subfield code="0">0</subfield>
    <subfield code="1">0</subfield>
    <subfield code="3">V-2</subfield>
    <subfield code="4">0</subfield>
    <subfield code="7">1</subfield>
    <subfield code="8">REF</subfield>
    <subfield code="a">BL1</subfield>
    <subfield code="b">BL1</subfield>
    <subfield code="d">2013-05-09</subfield>
    <subfield code="e">KKP/BL2979/11.3.13/158/21.2.13/19.3.13</subfield>
    <subfield code="g">53131.00</subfield>
    <subfield code="l">0</subfield>
    <subfield code="o">060EUR</subfield>
    <subfield code="p">B-500412</subfield>
    <subfield code="r">2013-05-09 00:00:00</subfield>
    <subfield code="t">1</subfield>
    <subfield code="v">53131.00</subfield>
    <subfield code="y">EN</subfield>
  </datafield>
  <datafield tag="952" ind1=" " ind2=" ">
    <subfield code="0">0</subfield>
    <subfield code="1">0</subfield>
    <subfield code="3">V-1</subfield>
    <subfield code="4">0</subfield>
    <subfield code="7">1</subfield>
    <subfield code="8">REF</subfield>
    <subfield code="a">JP</subfield>
    <subfield code="b">JP</subfield>
    <subfield code="d">2013-05-09</subfield>
    <subfield code="e">KKP/BL2979/11.3.13/158/21.2.13/19.3.13</subfield>
    <subfield code="g">53131.00</subfield>
    <subfield code="l">0</subfield>
    <subfield code="o">060EUR</subfield>
    <subfield code="p">B-522538</subfield>
    <subfield code="r">2015-02-05 00:00:00</subfield>
    <subfield code="t">1</subfield>
    <subfield code="v">53131.00</subfield>
    <subfield code="w">2013-05-09</subfield>
    <subfield code="y">EN</subfield>
  </datafield>
  <datafield tag="952" ind1=" " ind2=" ">
    <subfield code="0">0</subfield>
    <subfield code="1">0</subfield>
    <subfield code="3">V-2</subfield>
    <subfield code="4">0</subfield>
    <subfield code="7">1</subfield>
    <subfield code="8">REF</subfield>
    <subfield code="a">JP</subfield>
    <subfield code="b">JP</subfield>
    <subfield code="d">2013-05-09</subfield>
    <subfield code="e">KKP/BL2979/11.3.13/158/21.2.13/19.3.13</subfield>
    <subfield code="g">53131.00</subfield>
    <subfield code="l">0</subfield>
    <subfield code="o">060EUR</subfield>
    <subfield code="p">B-522539</subfield>
    <subfield code="r">2013-05-09 00:00:00</subfield>
    <subfield code="t">1</subfield>
    <subfield code="v">53131.00</subfield>
    <subfield code="y">EN</subfield>
  </datafield>
  <datafield tag="952" ind1=" " ind2=" ">
    <subfield code="0">0</subfield>
    <subfield code="1">0</subfield>
    <subfield code="3">V-1</subfield>
    <subfield code="4">0</subfield>
    <subfield code="7">1</subfield>
    <subfield code="8">REF</subfield>
    <subfield code="a">ZLS</subfield>
    <subfield code="b">ZLS</subfield>
    <subfield code="d">2013-05-09</subfield>
    <subfield code="e">KKP/BL2979/11.3.13/158/21.2.13/19.3.13</subfield>
    <subfield code="g">53131.00</subfield>
    <subfield code="l">0</subfield>
    <subfield code="o">060EUR</subfield>
    <subfield code="p">B-522540</subfield>
    <subfield code="r">2013-05-09 00:00:00</subfield>
    <subfield code="t">1</subfield>
    <subfield code="v">53131.00</subfield>
    <subfield code="y">EN</subfield>
  </datafield>
  <datafield tag="952" ind1=" " ind2=" ">
    <subfield code="0">0</subfield>
    <subfield code="1">0</subfield>
    <subfield code="3">V-2</subfield>
    <subfield code="4">0</subfield>
    <subfield code="7">1</subfield>
    <subfield code="8">REF</subfield>
    <subfield code="a">ZLS</subfield>
    <subfield code="b">ZLS</subfield>
    <subfield code="d">2013-05-09</subfield>
    <subfield code="e">KKP/BL2979/11.3.13/158/21.2.13/19.3.13</subfield>
    <subfield code="g">53131.00</subfield>
    <subfield code="l">0</subfield>
    <subfield code="o">060EUR</subfield>
    <subfield code="p">B-522541</subfield>
    <subfield code="r">2013-05-09 00:00:00</subfield>
    <subfield code="t">1</subfield>
    <subfield code="v">53131.00</subfield>
    <subfield code="y">EN</subfield>
  </datafield>
</record>
